000 01481nam a22002417a 4500
999 _c59286
_d59286
003 Ge_BSU
005 20221230111113.0
008 221230s2022ge xxu||||| |||| 00| 0 geo d
020 _a9789941972492.
041 _ageo
_gita
080 _a37.01 ვ-16
100 _aვალე, მარიო
_916645
245 _aმონტესორის პედაგოგიკა და ახალი ტექნოლოგიები :
_bშესაძლო ინტეგრაცია? /
_cმარიო ვალე ; გრაცია ჰონეჯერ ფრესკოს წინასიტყვაობით ; იტალიურიდან თარგმნა მაია ტურაბელიძემ
264 _aთბილისი :
_b საგა,
_c 2022.
300 _a197 გვ.
_b20 სმ.
546 _aპარალელური სათაური იტალიურ ენაზე.
653 _aმონტესორის პედაგოგიკა და ახალი ტექნოლოგიები
653 _a პედაგოგიკა
653 _a ახალი ტექნოლოგიები
700 _a ფრესკო, გრაცია ჰონეჯერ
_eწინასიტყვაობის ავტორი
_916646
700 _a ტურაბელიძე, მაია
_eმთარგმნელი
_916647
942 _2udc
_cBK